000 00291nam a22001337a 4500
008 170306b xxu||||| |||| 00| 0 eng d
020 _a2900071280784
041 _aeng
080 _27 ED
_a611
100 _a6
101 _aSHM
245 _aPHYSIOLOGY EXRCISE
_cPOWERS.S.K
942 _2udc
_cBK
999 _c6846
_d6846